Statistics for Will and Grace Guest Stars

Click here to take the quiz!

General Stats

  • This quiz has been taken 457 times
  • The average score is 53 of 83

Answer Stats

Answer% Correct
Cher
92%
Matt Damon
89%
Madonna
87%
Michael Douglas
85%
John Cleese
84%
Minnie Driver
84%
Alec Baldwin
83%
Britney Spears
81%
Woody Harrelson
80%
Bobby Cannavale
77%
Elton John
76%
Harry Connick Jnr
75%
Glenn Close
73%
Sandra Bernhard
73%
Ellen DeGeneres
72%
Eric Stoltz
72%
Geena Davis
72%
James Earl Jones
72%
Jennifer Lopez
72%
Joan Collins
72%
Patti LuPone
72%
Rosie O’Donnell
72%
Julian McMahon
71%
Barry Manilow
70%
Jason Biggs
70%
Kristin Davis
70%
Luke Perry
70%
Taye Diggs
70%
Sharon Stone
69%
Demi Moore
68%
Lily Tomlin
68%
Janet Jackson
67%
Katie Couric
67%
Matt Lauer
66%
Stuart Townsend
66%
Beau Bridges
65%
Chris Penn
65%
Jeff Goldblum
65%
Macaulay Culkin
65%
Patrick Dempsey
64%
Bernadette Peters
63%
Jeremy Piven
63%
Kevin Bacon
63%
Neil Patrick Harris
63%
Piper Laurie
63%
Candice Bergen
62%
Dylan McDermott
62%
John Slattery
62%
Alan Arkin
61%
Chloe Sevigny
61%
Gene Wilder
61%
Josh Lucas
61%
Mira Sorvino
61%
Seth Green
61%
Jack Black
60%
Lesley Ann Warren
60%
Nicollette Sheridan
60%
Bebe Neuwirth
59%
Edie Falco
59%
George Takei
59%
Molly Shannon
59%
Shohreh Aghdashloo
58%
Chita Rivera
57%
Richard Chamberlain
57%
Joel McHale
56%
Martina Navratilova
54%
Rosanna Arquette
53%
Sharon Osbourne
53%
Victor Garber
53%
Wanda Sykes
52%
Natasha Lyonne
51%
Andy Garcia
50%
Tracey Ullman
50%
Miguel Ferrer
49%
Dan Futterman
46%
Dave Foley
46%
Lee Majors
46%
Tim Curry
46%
Rip Torn
42%
Parker Posey
41%
Maggie Wheeler
39%
Will Arnett
37%
Andy Richter
32%

Score Distribution

Percentile by Number Answered

Percent of People with Each Score

Your Score History

You have not taken this quiz